Deutsche Literatur - Realismus/Naturalismus - Statistiken

Allgemein
  • Dieses Quiz wurde 44 mal gespielt
    27 seit der letzten Aktualisierung
  • Das Durchschnittsergebnis liegt bei 9 aus 24
Antwortstatistiken
Frage Antwort % Korrekt
Motivpflanze bei Theodor Fontane ("Unterm _____", "Herr von Ribbeck") Birnbaum
86%
Beruf der Titelfigur Thiel in Hauptmanns berühmter Novelle Bahnwärter
77%
Titel berühmter Keller-Novelle, zum Sprichwort geworden Kleider machen Leute
64%
Berühmter Naturalist dieser Nation ("Nora. Ein Puppenheim.") Henrik Ibsen
59%
Wanderort Fontanes Mark Brandenburg
59%
Stadt im Mittelpunkt eines Romans von Felix Dahn ("Kampf um ____") Rom
59%
Bevölkerungsschicht, die im deutschen Realismus im Mittelpunkt steht Bürgertum
55%
"John Maynard war unser Steuermann, aus hielt er, bis er das _____ gewann" Ufer
55%
Titelgebender See in Fontane-Roman Der Stechlin
41%
Held in Storms Novelle "Der Schimmelreiter" (1888) Hauke Haien
41%
Zeitgenössisch-/historisches Ereignis im Zentrum berühmter Hauptmann-Tragödie Weberaufstand
41%
Nationalität der Autorin Marie von Ebner-Eschenbachs ("Das Gemeindekind") Österreich
36%
Idylle, in die Gottfried Keller einen Shakespeare-Stoff "realistisch" verlagert Dorf
32%
Heimatstadt Theodor Storms, beschrieben im Gedicht "Die Stadt" Husum
27%
Kritikpunkt an Wedekinds Skandalstück "Frühlings Erwachen" Sexualität
27%
Berliner Hauptmann-Tragikomödie Die Ratten
23%
Nationalität. auf das Pseudonym von Arno Holz und Johannes Schlaf hinweist ("Papa Hamlet") norwegisch
18%
Essayistin und Frauenrechtlerin, Großmutter Katja Manns Hedwig Dohm
14%
Biblisches Urteil im Mittelpunkt des Werks Salomonisches Urteil
14%
Kunstform des Naturalisten Heinrich Zille Zeichnung
14%
Französischer Epiker, Vorbild für naturalistischen Roman Emile Zola
9%
Kaufmannsroman Gustav Freytags (1855) Soll und Haben
9%
Naturalistischer Dichter mit Militärkarriere (u.a. "Trutz Blanke Hans") Detlev von Liliencron
5%
Niederdeutscher Dichter (u.a. "Quickborn") Klaus Groth
5%
Keine übereinstimmenden Quizze gefunden
Verteilung der Resultate
Anzahl Personen mit jedem Resultat
Perzentil nach korrekt beantworteten Fragen
Ihre Resultats-Entwicklung
Sie haben dieses Quiz seit der letzten Aktualisierung nicht gespielt